000 00343 a2200157 4500
001 187700
020 _a978-85-7635-781-0
040 _cMagnum
100 _aViana, Maria
240 1 0 _aQuadras ao gosto popular
_lpor
245 1 0 _aQuadras ao gosto popular
300 _a32
362 0 _a2010
697 _aLITERATURA INFANTO
942 _cBK
999 _c187700
_d187700